000 01187nam a22003977a 4500
001 0024561
003 KOHA_MİRAKIL
005 20260207002442.0
007 ta
008 101112b2003 tu |||gr||||#||||0|tur |
020 _a975591532X
_c6,26
040 _aTR-BiSEU
_btur
_cTR-BiSEU
_erda
041 0 _atur
044 _ctu
050 _aLB1027.23
_b.K37 2003
100 1 _aKarakaya, Şerafettin.
245 1 _aModernizim-postmodernizm ve öğretmen çalışma kültürü/
_cŞerafettin Karakaya ; Şerafettin Karakaya.
264 1 _aAnkara :
_bNobel Yayın Dağıtım
_c2003
300 _a183 sayfa; 19 cm.
336 _ametin
_btxt
_2rdacontent
337 _aaracısız
_bn
_2rdamedia
338 _acilt
_bnc
_2rdacarrier
490 1 _aNobel yayınları ;
_vNo.
490 1 _a552.
490 1 _aEğitim yayınları dizisi ;
_vNo.
490 1 _a160
500 _aKaynakça var.
650 0 _aÖğrenme.
_910635
650 0 _aPostmodernizm.
_96918
650 0 _aEtkili öğretim.
_950032
830 1 _aNobel yayınları ;
_vNo.
_91490
830 1 _a552.
_950033
830 1 _aEğitim yayınları dizisi ;
_vNo.
_949913
830 1 _a160
_913536
942 _2lcc
_cBK
999 _c24512
_d24512